00866nam a2200241 a 450000100060000000300080000600500170001400800410003102000240007203500190009604000320011504100080014708200250015510000240018024500450020426001070024930000290035650400200038565100490040594200120045499900170046695201410048325194BD-RjUL20211209050838.0140316s1985 enkb 001 0 eng d a0140075763 (pbk.) : a(BD-RjUL)25263 aDLCcDLCdDLCdBD-RjULbeng aeng00a954.04219bAKI 19851 aAkbar, M. J.97750110aIndia :bthe siege within /cM.J. Akbar. aHarmondsworth, Middlesex, England :bPenguin Books ;aNew York, N.Y., U.S.A. :bViking Penguin,c1985. a325 p. :bmaps ;c20 cm. aIncludes index. 0aIndiaxPolitics and governmenty1947-977502 2ddccBK c25194d25194 00102ddc40728NFICaRUCLbRUCLcReadingd1990-10-23eShawkat Osman Giftl0o954.04 AKI 1985r2014-03-16 00:00:00tC-1w2014-03-16yBK